000 00290nam a2200121Ia 4500
005 20251222140027.0
008 251222s1900||||xx |||||||||||||| ||spa||
082 _a108/S17/Ej.2
100 _aSalazar Bondy, Augusto
245 0 _aBreve Antología Filosófica
264 _bArica
942 _cLIB
999 _c2826
_d2826